駅名に「橋」を含む駅 - Statistics

General Stats
  • This quiz has been taken 228 times
  • The average score is 63 of 183
Answer Stats
Hint Answer % Correct
八幡市 | 橋本市 | 相模原市 | 福岡市 橋本
90%
船橋市 船橋
88%
前橋市 前橋
85%
船橋市 西船橋
84%
豊橋市 豊橋
83%
板橋区 板橋
82%
港区 新橋
81%
中央区 | 大阪市 日本橋
76%
船橋市 東船橋
73%
福岡市 | 長崎市 大橋
73%
船橋市 南船橋
71%
前橋市 新前橋
71%
中央区 | 大阪市 京橋
71%
行橋市 行橋
68%
千代田区 飯田橋
67%
板橋区 板橋区役所前
64%
船橋市 船橋法典
63%
千代田区 水道橋
61%
板橋区 上板橋
61%
下野市 | 長崎市 石橋
60%
大阪市 淀屋橋
59%
船橋市 京成船橋
58%
板橋区 板橋本町
58%
豊橋市 新豊橋
58%
板橋区 新板橋
57%
大阪市 天満橋
57%
豊島区 下板橋
56%
台東区 浅草橋
55%
板橋区 中板橋
55%
大月市 猿橋
54%
久喜市 栗橋
54%
船橋市 新船橋
53%
久喜市 南栗橋
52%
大阪市 鶴橋
51%
世田谷区 池尻大橋
51%
前橋市 中央前橋
51%
相模原市 南橋本
50%
松戸市 馬橋
50%
足立区 千住大橋
49%
千代田区 竹橋
49%
中央区 東日本橋
49%
中央区 新日本橋
47%
大阪市 心斎橋
47%
港区 赤羽橋
46%
舟橋村 越中舟橋
46%
千代田区 二重橋前
45%
武雄市 高橋
44%
船橋市 船橋競馬場
44%
大阪市 なにわ橋
44%
大阪市 大江橋
44%
高知市 はりまや橋
44%
中野区 中野新橋
43%
大阪市 近鉄日本橋
43%
行橋市 南行橋
42%
大阪市 渡辺橋
42%
香取市 十二橋
39%
前橋市 前橋大島
39%
大阪市 長堀橋
38%
文京区 江戸川橋
37%
京都市 丹波橋
37%
池田市 石橋阪大前
37%
墨田区 本所吾妻橋
37%
大阪市 肥後橋
37%
世田谷区 代田橋
36%
世田谷区 千歳船橋
35%
大田区 天空橋
35%
京都市 近鉄丹波橋
35%
船橋市 船橋日大前
35%
富山市 | 静岡市 桜橋
35%
宮津市 天橋立
35%
大阪市 四ツ橋
35%
練馬区 中村橋
34%
横浜市 平沼橋
34%
高野町 極楽橋
33%
大阪市 天神橋筋六丁目
33%
海老名市 門沢橋
32%
大阪市 芦原橋
32%
渋谷区 参宮橋
32%
津市 江戸橋
32%
宇城市 松橋
31%
釜石市 陸中大橋
30%
横浜市 弁天橋
30%
旭市 倉橋
30%
川崎市 大師橋
30%
広島市 | 松山市 | 豊田市 土橋
30%
大阪市 緑橋
30%
大阪市 朝潮橋
28%
行橋市 令和コスタ行橋
28%
新宿区 曙橋
27%
大阪市 西大橋
27%
名古屋市 尾頭橋
26%
小平市 一橋学園
26%
大阪市 大阪阿部野橋
26%
門真市 古川橋
26%
加賀市 動橋
26%
岡山市 小橋
26%
安曇野市 梓橋
25%
清須市 新川橋
25%
大阪市 汐見橋
25%
仙台市 五橋
25%
荒川区 三ノ輪橋
25%
小田原市 箱根板橋
25%
足立区 扇大橋
25%
名古屋市 新瑞橋
25%
岡崎市 矢作橋
24%
琴浦町 八橋
23%
貝塚市 和泉橋本
23%
橿原市 金橋
23%
太田市 治良門橋
23%
高石市 伽羅橋
23%
横浜市 阪東橋
23%
京都市 くいな橋
23%
那覇市 旭橋
23%
長崎市 めがね橋
22%
太田市 三枚橋
20%
ひたちなか市 高田の鉄橋
20%
大阪市 太子橋今市
20%
大阪市 深江橋
20%
京都市 観月橋
19%
新宿区 面影橋
19%
大阪市 千鳥橋
18%
高知市 桟橋通二丁目
18%
高知市 桟橋通五丁目
18%
寒河江市 柴橋
17%
豊田市 三河八橋
17%
仙台市 愛宕橋
17%
豊橋市 豊橋公園前
17%
川西市 絹延橋
17%
高知市 桟橋通一丁目
17%
高知市 桟橋通三丁目
17%
高知市 桟橋通四丁目
17%
遠野市 岩根橋
16%
津市 伊勢石橋
15%
大津市 唐橋前
15%
京丹後市 小天橋
15%
那覇市 美栄橋
15%
広島市 古市橋
14%
名古屋市 砂田橋
14%
札幌市 幌平橋
13%
富山市 水橋
13%
高松市 今橋
13%
高知市 鏡川橋
13%
豊橋市 柳生橋
12%
広島市 猿猴橋町
12%
高知市 高知橋
12%
岐阜市 高田橋
11%
岡山市 清輝橋
11%
長崎市 思案橋
11%
豊田市 平戸橋
10%
高知市 桟橋車庫前
10%
広島市 御幸橋
9%
長崎市 岩屋橋
9%
徳島市 地蔵橋
8%
福井市 越前島橋
8%
甲賀市 水口石橋
8%
広島市 祇園新橋北
8%
有田町 三代橋
8%
熊本市 田崎橋
8%
熊本市 祇園橋
8%
広島市 比治山橋
7%
鹿児島市 桜島桟橋通
7%
鹿児島市 涙橋
7%
鹿児島市 高見橋
7%
函館市 昭和橋
6%
広島市 鷹野橋
6%
高知市 一条橋
6%
熊本市 洗馬橋
6%
鹿児島市 武之橋
6%
高知市 葛島橋東詰
5%
高知市 大橋通
5%
高知市 蛍橋
5%
高知市 明見橋
4%
北九州市 楠橋
4%
No matching quizzes found
Score Distribution
Percent of People with Each Score
Percentile by Number Answered
Your Score History
You have not taken this quiz